<?xml version="1.0" encoding="UTF-8"?>
<collection xmlns:xsi="http://www.w3.org/2001/XMLSchema-instance" xsi:schemaLocation="http://www.loc.gov/MARC21/slim http://www.loc.gov/standards/marcxml/schema/MARC21slim.xsd" xmlns="http://www.loc.gov/MARC21/slim">
 <record>
  <leader>00000cam a22000004i 4500</leader>
  <controlfield tag="001">UP-99796217613162786</controlfield>
  <controlfield tag="003">Buklod</controlfield>
  <controlfield tag="005">20191026102830.0</controlfield>
  <controlfield tag="006">m     q  i        </controlfield>
  <controlfield tag="007">ta</controlfield>
  <controlfield tag="008">150926s2008    enka    rb   |001 0|eng d</controlfield>
  <datafield tag="020" ind1=" " ind2=" ">
   <subfield code="a">9780415394345 (paperback : alk. paper)</subfield>
  </datafield>
  <datafield tag="020" ind1=" " ind2=" ">
   <subfield code="a">0415394341 (paperback : alk. paper)</subfield>
  </datafield>
  <datafield tag="035" ind1=" " ind2=" ">
   <subfield code="a">(iLib)UPD-00414267445</subfield>
  </datafield>
  <datafield tag="040" ind1=" " ind2=" ">
   <subfield code="a">DLC</subfield>
   <subfield code="d">DAC</subfield>
   <subfield code="e">rda</subfield>
  </datafield>
  <datafield tag="041" ind1=" " ind2=" ">
   <subfield code="a">eng</subfield>
  </datafield>
  <datafield tag="042" ind1=" " ind2=" ">
   <subfield code="a">DMLUC</subfield>
  </datafield>
  <datafield tag="090" ind1=" " ind2=" ">
   <subfield code="a">HM 1271</subfield>
   <subfield code="b">T73 2008</subfield>
  </datafield>
  <datafield tag="245" ind1="0" ind2="0">
   <subfield code="a">Transcultural Japan</subfield>
   <subfield code="b">at the borderlands of race, gender and identity</subfield>
   <subfield code="c">edited by David Blake Willis and Stephen Murphy-Shigematsu.</subfield>
  </datafield>
  <datafield tag="264" ind1=" " ind2="1">
   <subfield code="a">London</subfield>
   <subfield code="a">New York</subfield>
   <subfield code="b">Routledge, Taylor &amp; Francis Group</subfield>
   <subfield code="c">2008.</subfield>
  </datafield>
  <datafield tag="300" ind1=" " ind2=" ">
   <subfield code="a">xxv, 342 pages</subfield>
   <subfield code="b">illustrations</subfield>
   <subfield code="c">25 cm</subfield>
  </datafield>
  <datafield tag="336" ind1=" " ind2=" ">
   <subfield code="a">text</subfield>
   <subfield code="2">rdacontent</subfield>
  </datafield>
  <datafield tag="337" ind1=" " ind2=" ">
   <subfield code="a">unmediated</subfield>
   <subfield code="2">rdamedia</subfield>
  </datafield>
  <datafield tag="338" ind1=" " ind2=" ">
   <subfield code="a">volume</subfield>
   <subfield code="2">rdacarrier</subfield>
  </datafield>
  <datafield tag="490" ind1="0" ind2=" ">
   <subfield code="a">Routledge studies in Asia's transformations</subfield>
   <subfield code="v">20</subfield>
  </datafield>
  <datafield tag="504" ind1=" " ind2=" ">
   <subfield code="a">Includes bibliographical references and index.</subfield>
  </datafield>
  <datafield tag="505" ind1="0" ind2=" ">
   <subfield code="a">Transcultural Japan: metamorphosis in the cultural borderlands and beyond / David Blake Willis and Stephen Murphy-Shigematsu -- A perfectly ordinary ethnic Korean in Japan : reprise / Kyo Nobuko (with Akemi Wegmüller) -- Between two shores: transnational projects and Filipina wives in/from Japan / Nobue Suzuki -- Gender, modernity, and eroticized internationalism in Japan / Karen Kelsky -- Between privilege and prejudice: Japanese-Brazilian migrants in &quot;the land of yen and the ancestors&quot; / Angelo Akimitsu Ishi -- From ethnic ghetto to &quot;gourmet republic&quot; : the changing image of Kobe's Chinatown and the ambiguities of being Chinese in modern Japan / Tsu Yun Hui -- Okinawan diasporic identities : between being a buffer and a bridge / Wesley Ueunten -- The marvelous in the real: images of Burakumin in Nakagami Kenji's Kumano saga / Yoshiko Yokochi Samuel -- Positioning oneself in the Japanese nation state: the Hokkaido Ainu case / Katarina Sjöberg -- &quot;Becoming a better muslim&quot; : identity narratives of Muslim foreign workers in Japan / Onishi Akiko -- Dejima: creolization and enclaves of difference in transnational Japan / David Blake Willis -- The racialization of Japan / William Wetherall -- &quot;The invisible man&quot; and other narratives of living in the borderlands of race and nation / Stephen Murphy-Shigematsu -- Ethnoscapes and the other in twenty-first century Japan / David Blake Willis and Stephen Murphy-Shigematsu -- Afterword: marginals, minorities, majorities and migrants--studying the Japanese borderlands in contemporary Japan / Roger</subfield>
  </datafield>
  <datafield tag="650" ind1=" " ind2="0">
   <subfield code="a">Multiculturalism</subfield>
   <subfield code="z">Japan.</subfield>
  </datafield>
  <datafield tag="650" ind1=" " ind2="0">
   <subfield code="a">Identity (Psychology)</subfield>
   <subfield code="z">Japan.</subfield>
  </datafield>
  <datafield tag="650" ind1=" " ind2="0">
   <subfield code="a">Japanese</subfield>
   <subfield code="x">Ethnic identity.</subfield>
  </datafield>
  <datafield tag="700" ind1="1" ind2=" ">
   <subfield code="a">Willis, David Blake</subfield>
   <subfield code="e">editor.</subfield>
  </datafield>
  <datafield tag="700" ind1="1" ind2=" ">
   <subfield code="a">Murphy-Shigematsu</subfield>
   <subfield code="e">editor.</subfield>
  </datafield>
  <datafield tag="830" ind1=" " ind2="0">
   <subfield code="a">Routledge studies in Asia's transformation</subfield>
  </datafield>
  <datafield tag="905" ind1=" " ind2=" ">
   <subfield code="a">FO</subfield>
  </datafield>
  <datafield tag="852" ind1="0" ind2=" ">
   <subfield code="a">UPD</subfield>
   <subfield code="b">DAC</subfield>
   <subfield code="h">HM 1271</subfield>
   <subfield code="i">T73 2008</subfield>
  </datafield>
  <datafield tag="942" ind1=" " ind2=" ">
   <subfield code="a">Book</subfield>
  </datafield>
 </record>
</collection>
